000 00288nam a22001337a 4500
008 170215b xxu||||| |||| 00| 0 eng d
020 _a9780781727969
041 _aeng
080 _214TH
_a61
100 _a4
101 _aSHM
245 _aDIABETES MELLITUS
_cKAHN, C.R
942 _2udc
_cBK
999 _c5574
_d5574